000 00395pab a2200157 454500
008 180718b2003 xxu||||| |||| 00| 0 eng d
100 _aDeaton, Angus
245 _aAdjusted Indian poverty estimates for 1999-2000
260 _c2003
300 _ap.322-26.
362 _a25 Jan
650 _aPoverty - India
650 _aPoverty
773 _aEconomic and Political Weekly
909 _a55433
999 _c55433
_d55433